Quizzes
Events
Quiz Creation
Community
Videos
Private Events
Remove Ads
Sign In
Join for FREE
Feedback
Dark Mode
Quiz Categories
Sports
Geography
Music
Movies
Television
Just For Fun
Miscellaneous
History
Literature
Language
Science
Gaming
Entertainment
Religion
Holiday
For Kids
Quiz Lab
Recent
Popular Today
Quiz Kudos Today
Editor Picks
Curator Picks
Quizzes by...
Day
Popularity
Type
Ratings
Length
Year
Community
Subscriptions
Recent Discussions
Orange Saloon
Badges
Playlists
Quests
Create
Leaderboards
Showdown
Live 5
Trivia Bingo
Activity
Puzzle Library
Sporcle Events
Private Events
Virtual Trivia
Globe League
Become a Host
Pub Owners
SporcleCon
Opinionation
Our Games
Videos
Blog
Mobile Apps
Partnerships
Remove Ads and Go Orange
Feedback
Music
Pop Music
The Beatles
Song
Album
Lyrics
Bands
Singers
Artist
Clip
Rock
Rap
Classical
Billboard
Country Music
Kpop
Taylor Swift
Music
Pop Music
The Beatles
Song
Album
Lyrics
Bands
Singers
Artist
Clip
Rock
Rap
Classical
Billboard
Country Music
Kpop
Taylor Swift
Random Quiz
Search Sporcle
×
Quiz Lab
Quiz Lab
Music
Lyrics
Type in answers that appear in a list
Type in answers that appear in a list
Classic
Best Score? Go Orange.
Aaron's Party Lyrics Stats
Can you name the Aaron's Party Lyrics?
By
ebjohnson
8m
134 Questions
106 Plays
106 Plays
106 Plays
Comments
Comments
Give Quiz Kudos
Give Quiz Kudos
-
- Ratings
hide this ad
Replay
Link that replays current quiz
Next Quiz
Link to next quiz in quiz playlist
You Got
0%
They Got
Avg Score
77%
Avg Friend Score
Upgrade to see
Score Distribution
Jump to the score distribution portion of the page
Score
0/134
Timer
08:00
0
Plays Today
% Correct
a
98.1%
a
98.1%
the
98.1%
the
98.1%
the
98.1%
the
98.1%
the
98.1%
the
98.1%
the
98.1%
the
98.1%
the
98.1%
a
98.1%
a
98.1%
a
98.1%
and
98.1%
a
98.1%
it
89.6%
you
85.8%
party
85.8%
party
85.8%
you
85.8%
you
85.8%
be
84.9%
be
84.9%
be
84.9%
to
84%
to
84%
to
84%
me
84%
me
84%
its
83%
its
83%
on
82.1%
do
81.1%
of
80.2%
of
80.2%
of
80.2%
my
80.2%
i
79.2%
i
79.2%
i
79.2%
get
79.2%
out
79.2%
i
79.2%
i
79.2%
% Correct
yo
79.2%
out
79.2%
so
77.4%
year
77.4%
all
77.4%
all
77.4%
that
76.4%
kid
76.4%
block
76.4%
have
76.4%
have
76.4%
this
75.5%
always
75.5%
this
75.5%
month?
75.5%
show
75.5%
long
75.5%
said
75.5%
seen
75.5%
long
75.5%
gotta
74.5%
parents
74.5%
should
74.5%
them
74.5%
them
74.5%
gotta
74.5%
i'll
74.5%
had
73.6%
throw
73.6%
fine
73.6%
is
73.6%
send
73.6%
send
73.6%
mom
73.6%
dad
73.6%
aunt
73.6%
dont
73.6%
too
73.6%
dont
73.6%
over
73.6%
fine
73.6%
thats
72.6%
when
72.6%
idea
72.6%
movie?
72.6%
% Correct
try
71.7%
one
71.7%
nah
71.7%
nah
71.7%
let
71.7%
though
71.7%
night
71.7%
worry
71.7%
alone
71.7%
time!
71.7%
think
70.8%
joan?
70.8%
staying
70.8%
good
70.8%
little
69.8%
little
69.8%
now
69.8%
here's
68.9%
down
68.9%
friday
68.9%
bright
67.9%
girls
67.9%
hmm
67.9%
fuss
67.9%
bit
67%
goes
67%
popular
67%
turn
67%
'bout
67%
old
66%
school
66%
something
66%
like
66%
with
66%
couldn't
66%
beep
66%
beep
66%
for
65.1%
flyest
65.1%
why
65.1%
home?
65.1%
stock
58.5%
rising
56.6%
sitting
55.7%
Quiz Playlist
Details
Report
Send in Message
Add To Playlist
Classic:
Type in answers that appear in a list
Last Updated: Feb 16, 2017
Quiz Scoreboard
CHALLENGE
Sign Up to Join the Scoreboard
Show All
Scores
Hide
Comments
May contain spoilers
Recently Published
Pick 6: Fruits
by JohnFran
Miscellaneous
15s
Click the 1999 NBA Draft
by nibperrychub
Sports
2m
Alphabetical 'K' Countries by Flag Minefield
by ylime102
Geography
3m
More to Explore
Quiz From the Vault
Featured Blog Post
15 Basketball Trivia Facts You Can Be March Mad About
hide this ad
You Might Also Like...
Tags
Lyrics Quiz
Aaron
Carter
Party
Today's Top Quizzes in Music
Browse Music
hide this ad
Today's Top Quizzes in Lyrics
Browse Lyrics
Top Contributed Quizzes in Music
1
Taylor Swift All Songs (2024)
2
KPOP LOGIC QUIZ
3
A Taylor Swift Logic Puzzle
4
K-Pop Murder Mystery Logic Quiz
5
Taylor Swift Logic Puzzle
6
Guess the Taylor Swift song (Mystery Song)
7
Guess The Taylor Swift Lyrics Song #1
8
NCT 2020 Logic Puzzle
9
Joni Mitchell—'Car on a Hill' Lyrics
10
kpop group name match up
Explore More
Trending Topics
Disney
Harry Potter
Anime
Crossword
Kpop
Marvel
NBA
Puzzle
WWE
Pokémon
NFL
Soccer
The Office
Country
Song
hide this ad
More By:
ebjohnson
Quiz
Plays
Rating
Category
Featured
Created
Aaron's Party Lyrics
106
5.00
Music
Feb 28, 2014
Go to Creator's Profile
Score Distribution
Quiz Creator Spotlight
ebjohnson
Follow
Send a Message
Quizzes Created
-
Created Quiz Play Count
-
More By This Creator
Popular Quizzes Today
1
Find the US States - No Outlines Minefield
2
Countries of Asia Without Outlines Minefield
3
Pick 6: Fruits
4
The Countries of the World
5
Alphabetical 'K' Countries by Flag Minefield
6
Find the US States
7
Match the Book to the Film X
8
Click the 1999 NBA Draft
More Music Quizzes
Lyrics: 'Can't Get It Out of My Head' - ELO
Quiz Lab
Trending Quizzes
Pick 6: Harry Potter
Pick 6: Mountains
Pick 6: NFL Teams
Pick 6: Movie Franchises
Pick 6: Golfers
Recently Updated
Women's Final Four Teams by Year
bhenderson79
Presidents Quartet II
eogle
Anything But Clue(do)
eogle
Anything But Oceanian Capitals
eogle
Anything But 7
eogle
Anything But Thing
eogle
Word Ladder: February 29
pecheneg
Song Title Questions
pecheneg
Women's NCAA Tournament #1 Seeds
pecheneg
Celebrity Mug Shots
pecheneg
Trending Topics
Kpop
Marvel
NBA
Crossword
Harry Potter
Anime
Disney
Pokémon
NFL
Puzzle
WWE
Country
Song
The Office
Soccer
Your Account Isn't Verified!
In order to create a playlist on Sporcle, you need to verify the email address you used during registration. Go to your
Sporcle Settings
to finish the process.
Report this User
Report this user for behavior that violates our
Community Guidelines
.
Details:
Send Report
Go to the Sporcle.com Mobile Site →
Comments